Historia ecclesiastica, variis colloquiis digesta / Tom. 9,2 Continuatio Tabularum Chronologicarum, Quae Ad Historiae Ecclesiasticae Tempora apprime necessaria sunt

Saved in:  
Bibliographic Details
Main Author: Amat de Graveson, Ignace Hyacinthe 1670-1733 (Author)
Format: Print Book
Language:Latin
Subito Delivery Service: Order now.
Check availability: HBZ Gateway
WorldCat: WorldCat
Interlibrary Loan:Interlibrary Loan for the Fachinformationsdienste (Specialized Information Services in Germany)
Published: Augustae Vindelicorum & Graecii sumptibus fratrum Veith 1738
In: Historia ecclesiastica, variis colloquiis digesta ubi pro theologiae candidatis res praecipuae, non solum ad historiam, sed etiam ad dogmata, criticam, chronologiam, & ecclesiae disciplinam pertinentes ... perstringuntur, & ... collocantur; distributa vero in tomos novem, et continuata a saeculo ecclesiae primo usque ad annum MDCCXXI. ...
Year: 1738
Edition:Editio in Germania tertia.

MARC

LEADER 00000cam a2200000 cc4500
001 1109620675
003 DE-627
005 20251030214602.0
007 tu
008 940621s1738 xx ||||| 00| ||lat c
035 |a (DE-627)1109620675 
035 |a (DE-576)039620670 
035 |a (DE-599)BSZ039620670 
035 |a (OCoLC)312022264 
040 |a DE-627  |b ger  |c DE-627  |e rakwb 
041 |a lat 
084 |a 1  |2 ssgn 
100 1 |0 (DE-588)100284442  |0 (DE-627)546044662  |0 (DE-576)161184731  |4 aut  |a Amat de Graveson, Ignace Hyacinthe  |d 1670-1733 
109 |a Amat de Graveson, Ignatius Hyacinthus 1670-1733  |a Graveson, Ignatius Hyacinthus Amat de 1670-1733  |a Graveson, Ignatius H. 1670-1733  |a Graveson, Ignace-Hyacinthe-Amat de 1670-1733  |a Amat de Graveson, Ignatius H. 1670-1733  |a Amat, Ignace Hyacinthe d' 1670-1733  |a Graveson, Ignace H. de 1670-1733  |a Amat de Graveson, Ignace H. 1670-1733  |a Hyacinthus, Ignatius 1670-1733  |a Amat de Graveson, Ignace Hyacinthe d' 1670-1733  |a Amat, Ignace-Hyacinthe d' 1670-1733  |a Amat de Graveson, Ignace-Hyacinthe 1670-1733  |a Ignatius Hyacinthus 1670-1733  |a Amat, Ignace Hyacinthe d’ 1670-1733  |a Hyacinthus, Johann Ignatius 1670-1733  |a Amat de Graveson, Ignace Hyacinthe 1670-1733  |a Graveson, Ignace Hyacinthe Amat de 1670-1733  |a Amat, Ignace Hyacinthe 1670-1733  |a Amat de Graveson, Ignace Hyacinthe d’ 1670-1733  |a Amat de Graveson, Ignace Hyacinthe de 1670-1733  |a Amat de Graveson, Ignatio Hiacyntho 1670-1733  |a Graveson, Ignatius Hyacinthus-Amat de 1670-1733 
245 1 0 |a Historia ecclesiastica, variis colloquiis digesta  |n Tom. 9,2  |p Continuatio Tabularum Chronologicarum, Quae Ad Historiae Ecclesiasticae Tempora apprime necessaria sunt 
246 3 0 |a 14 
250 |a Editio in Germania tertia. 
264 1 |a Augustae Vindelicorum & Graecii  |b sumptibus fratrum Veith  |c 1738 
300 |a [2] Bl., 144 S., [46], [8] Bl. 
336 |a Text  |b txt  |2 rdacontent 
337 |a ohne Hilfsmittel zu benutzen  |b n  |2 rdamedia 
338 |a Band  |b nc  |2 rdacarrier 
500 |a Es gibt zwei Indices: [46] Bl. enth. "Index generalis, amplus & accuratus", [8] Bl. enth. "Index geographicus" 
583 1 |a Archivierung/Langzeitarchivierung gewährleistet  |f SSG  |x XA-DE-BW  |2 pdager  |5 DE-21 
601 |a historia 
601 |a Digesta 
751 |a Graz  |0 (DE-588)4021912-4  |0 (DE-627)106311573  |0 (DE-576)208940626  |4 pup 
751 |a Augsburg  |0 (DE-588)4003614-5  |0 (DE-627)106389114  |0 (DE-576)208852174  |4 pup 
773 1 8 |a Historia ecclesiastica, variis colloquiis digesta ubi pro theologiae candidatis res praecipuae, non solum ad historiam, sed etiam ad dogmata, criticam, chronologiam, & ecclesiae disciplinam pertinentes ... perstringuntur, & ... collocantur; distributa vero in tomos novem, et continuata a saeculo ecclesiae primo usque ad annum MDCCXXI. ...  |w (DE-627)1087574404  |w (DE-576)017574404  |g Tom. 9,2  |q 9,2,3  |7 nnam 
935 |a mteo 
951 |a MV 
ELC |b 1 
ITA |a 1  |t 1 
LOK |0 000 xxxxxcx a22 zn 4500 
LOK |0 001 2534451685 
LOK |0 003 DE-627 
LOK |0 004 1109620675 
LOK |0 005 20130413103253 
LOK |0 008 070523||||||||||||||||ger||||||| 
LOK |0 040   |a DE-21  |c DE-627  |d DE-21 
LOK |0 852   |a DE-21 
LOK |0 852 1  |c Gh 224.2  |9 00 
LOK |0 935   |a abe5  |a theo 
LOK |0 939   |a 23-05-07  |b l01 
ORI |a SA-MARC-ixtheoa001.raw